Integrated endocrinology / (رقم التسجيلة. 35089)

تفاصيل مارك
000 -الفاتح
حقل البيانات ثابتة الطول 00825nam a22002537a 4500
003 - محدد رقم الضبط
رقم الضبط OSt
005 - وقت وتاريخ اخر تعامل مع التسجيلة
رقم الضبط 20150408114218.0
008 - عناصر البيانات ثابتة الطول - معلومات عامة
حقل البيانات ثابتة الطول 140515s2013 enka f b 001 0 eng
020 ## - الرقم الدولى المعيارى للكتب
الرقم الدولى المعيارى للكتاب 9780470688137 (cloth)
020 ## - الرقم الدولى المعيارى للكتب
الرقم الدولى المعيارى للكتاب 9780470688120 (pbk.)
040 ## - مصدر الفهرسة
وكالة الفهرسة الأصلية Ma-Un
082 00 - رقم تصنيف ديوى العشرى
رقم الطبعة 22
رقم التصنيف 616.48
رقم المادة LJI
100 1# - المدخل الرئيسى - إسم شخصى
الإسم الشخصى Laycock, John F.
9 (RLIN) 45151
245 10 - بيان العنوان
العنوان Integrated endocrinology /
بيان المسئوليه,etc John Laycock and Karim Meeran.
260 ## - PUBLICATION, DISTRIBUTION, ETC. (IMPRINT)
مكان الناشر او الموزع Chichester, West Sussex, UK ;
-- Hoboken, NJ :
اسم الناشر او الموزع Wiley-Blackwell,
تاريخ النشر أو التوزيع 2013.
300 ## - الوصف المادى
التعداد vii, 396 p. :
تفاصيل ماديه اخرى للوعاء col. ill. ;
أبعاد الوعاء 25 cm.
504 ## - تبصرة ببليوجرافية
تبصرة ببليوجرافية,الخ Includes bibliographical references and index.
650 ## - المدخل الاضافى بالموضوع-مصطلح موضوعى
مصطلح موضوعي أو اسم جغرافي كعنصر مدخل Endocrine Glands.
650 ## - المدخل الاضافى بالموضوع-مصطلح موضوعى
مصطلح موضوعي أو اسم جغرافي كعنصر مدخل Endocrine System Diseases.
650 ## - المدخل الاضافى بالموضوع-مصطلح موضوعى
مصطلح موضوعي أو اسم جغرافي كعنصر مدخل Hormones.
700 1# - المدخل الاضافى - اسم شخصى
الإسم الشخصى Meeran, Karim.
9 (RLIN) 45152
942 ## - عناصر المدخل الإضافي( كوها)
مصدر التصنيف او مخطط الترفيف Dewey Decimal Classification
Koha [default] item type كتاب
المقتنيات
حالة الفقد نموذج السعر الفعال حالة تلف ليس للاعارة رقم الطلب رقم النسخة تاريخ الاكتساب مصدر التزويد الموقع الحالي الباركود الفرع الرئيسي Date last seen نوع المادة فى نظام كوها مصدر التصنيف او خطة الترفيف Total Checkouts
  2014-05-15   Not For Loan 616.48 LJI 1 2014-05-15 دار العرب المكتبة المركزية بالمجمعة (CL) 00211398 المكتبة المركزية بالمجمعة (CL) 2014-05-15 كتاب Dewey Decimal Classification  
  2014-05-15     616.48 LJI 2 2014-05-15 دار العرب المكتبة المركزية بالمجمعة (CL) 00211399 المكتبة المركزية بالمجمعة (CL) 2014-05-15 كتاب Dewey Decimal Classification  
  2014-05-15     616.48 LJI 3 2014-05-15 دار العرب المكتبة المركزية بالمجمعة (CL) 00211400 المكتبة المركزية بالمجمعة (CL) 2014-05-15 كتاب Dewey Decimal Classification